01144nam a2200289Ia 450000500170000000800410001702000150005810000380007324501820011125000230029330000430031649000290035953400320038865000380042065000420045865000410050065000350054170000410057670000370061770000350065426400310068933600270072033700330074733800280078004000350080808400110084320220317000548.0160601s2004 ck a g 000 0 spa  a95863327131 aChamisso, Adelbert Vond1781-189813aLa maravillosa historia de Peter Schlemihl cAdelbert von Chamisso ; traducción, notas y apéndice Manuela González-Haba ; ilustraciones George Cruikshank y Emil Preetorius a3a. reimpresión  a189 páginas bilustraciones c21 cm  aTus librospMaravillosos tPeter Schlemihls wundersame142LEMBaNovela francesa ySiglo XIX142LEMBaLiteratura francesa ySiglo XIX142LEMBaRomanticismo en la literatura 142LEMBaDiablo en la literatura 1 aGonzález-Haba, Manuelaetraductor 1 aCruikshank, George eilustrador 1 aPreetorius, Emil eilustrador  aBogotá bRei Andesc2004 atextobtxt2rdacontent asin mediaciónbn2rdamedia avolumenbnc2rdacarrier aCO-BoRNBPbspaerdacCO-BoRNBP aN CHA1